000 01011nab a22002537a 4500
999 _c6468
_d6468
003 OSt
005 20260209104402.0
008 190506c xxu||||| |||| 00| 0 spa d
040 _cPJ
100 _96774
_aHenriques, María Roxana
245 1 0 _aDespido discriminatorio :
_bbases y Puntos de Partida /
_cMaría Roxana Henriques.
260 _aBuenos Aires :
_bAbeledoPerrot,
_c2025.
300 _ap. 16-21
500 _aCita: TR LALEY AR/DOC/150/2025.
505 _aSumario: I. Introducción.— II. El art. 245 bis de la LCT.— III. Conclusión.— IV. Reflexión final.
505 _t¿Te interesa el texto completo? Comunicate al correo: koha@justierradelfuego.gov.ar
650 0 _91316
_aDERECHO LABORAL
650 0 _91323
_aCONTRATO DE TRABAJO
650 0 _91533
_aDESPIDO
650 0 _91577
_aDISCRIMINACION LABORAL
650 0 _94707
_aBUENA FE
773 0 _02751
_93202
_dBuenos Aires : AbeledoPerrot, 2013-
_tRevista de derecho laboral y seguridad social. Nº 5 - Marzo 2025
942 _2udc
_cANA